000 00460ntaaa2200181 4500
003 01
005 20251027202725.0
008 0714s1973 ag 01
040 _aAR-BaBN
_bspa
_cAR-BaBN
_eaacr
_dRIC
082 _a635.0000 T15
100 _aTannchen, Enrique
_927118
245 _aCómo ahorrar fácilmente explotando la huerta
250 _a1 ed.
260 _aBuenos Aires :
_bPaul Hnos.,
_cs.f.
300 _a127 p
650 _ahuerta
_925842
942 _cBK
999 _c22480
_d22480